Quantum Processes in Semiconductors (Record no. 478598)

000 -LEADER
fixed length control field 01366cam a22004097i 4500
001 - CONTROL NUMBER
control field 17751866
003 - CONTROL NUMBER IDENTIFIER
control field NUST
005 - DATE AND TIME OF LATEST TRANSACTION
control field 20180605073919.0
008 - FIXED-LENGTH DATA ELEMENTS--GENERAL INFORMATION
fixed length control field 130524s2013 enka b 001 0 eng
010 ## - LIBRARY OF CONGRESS CONTROL NUMBER
LC control number 2013941293
020 ## - INTERNATIONAL STANDARD BOOK NUMBER
International Standard Book Number 9780199677214 (hbk.)
020 ## - INTERNATIONAL STANDARD BOOK NUMBER
International Standard Book Number 0199677212 (hbk.)
020 ## - INTERNATIONAL STANDARD BOOK NUMBER
International Standard Book Number 9780199677221 (pbk.)
020 ## - INTERNATIONAL STANDARD BOOK NUMBER
International Standard Book Number 0199677220 (pbk.)
035 ## - SYSTEM CONTROL NUMBER
System control number (OCoLC)ocn858935541
038 ## - RECORD CONTENT LICENSOR
Staff Name SNS Library
040 ## - CATALOGING SOURCE
Original cataloging agency DLC
Language of cataloging eng
Transcribing agency CUD
Description conventions rda
Modifying agency OCLCO
-- UAT
-- DLC
042 ## - AUTHENTICATION CODE
Authentication code lccopycat
050 00 - LIBRARY OF CONGRESS CALL NUMBER
Classification number QC611
Item number .R54 2013
082 04 - DEWEY DECIMAL CLASSIFICATION NUMBER
Classification number 537.622 RID 2013
Edition number 23
100 1# - MAIN ENTRY--PERSONAL NAME
Personal name Ridley, B. K.,
Relator term author.
9 (RLIN) 11015
245 10 - TITLE STATEMENT
Title Quantum Processes in Semiconductors
Statement of responsibility, etc. B.K. Ridley, FRS, Professor Emeritus of Physics, University of Essex.
250 ## - EDITION STATEMENT
Edition statement Fifth edition.
264 #1 - PRODUCTION, PUBLICATION, DISTRIBUTION, MANUFACTURE, AND COPYRIGHT NOTICE
Place of production, publication, distribution, manufacture Oxford :
Name of producer, publisher, distributor, manufacturer Oxford University Press,
Date of production, publication, distribution, manufacture, or copyright notice 2013.
300 ## - PHYSICAL DESCRIPTION
Extent xviii, 430 pages :
Other physical details illustrations ; Pb.
Dimensions 25 cm
336 ## - CONTENT TYPE
Content type term text
Content type code txt
Source rdacontent
337 ## - MEDIA TYPE
Media type term unmediated
Media type code n
Source rdamedia
338 ## - CARRIER TYPE
Carrier type term volume
Carrier type code nc
Source rdacarrier
500 ## - GENERAL NOTE
General note Previous edition: 1999.
504 ## - BIBLIOGRAPHY, ETC. NOTE
Bibliography, etc. note Includes bibliographical references and indexes.
650 #0 - SUBJECT ADDED ENTRY--TOPICAL TERM
Topical term or geographic name entry element Semiconductors.
9 (RLIN) 11016
650 #0 - SUBJECT ADDED ENTRY--TOPICAL TERM
Topical term or geographic name entry element Quantum theory.
9 (RLIN) 177
906 ## - LOCAL DATA ELEMENT F, LDF (RLIN)
a 7
b cbc
c copycat
d 2
e epcn
f 20
g y-gencatlg
942 ## - ADDED ENTRY ELEMENTS (KOHA)
Source of classification or shelving scheme
Koha item type Book
Holdings
Withdrawn status Lost status Source of classification or shelving scheme Damaged status Not for loan Permanent Location Current Location Date acquired Total Checkouts Full call number Barcode Date last seen Date last checked out Price effective from Koha item type
          School of Natural Sciences (SNS) School of Natural Sciences (SNS) 06/05/2018 1 537.622 RID 2013 SNS0002575 01/04/2023 01/21/2020 06/05/2018 Book
© 2023 Central Library, National University of Sciences and Technology. All Rights Reserved.